| 000 | 00985nam a2200205 i 4500 | ||
|---|---|---|---|
| 001 | 83000 | ||
| 003 | ES-MaACL | ||
| 005 | 20230906174750.0 | ||
| 007 | t| | ||
| 008 | 041112m19721976sp ||||1| spa d | ||
| 020 | _a84-260-0155-6 | ||
| 080 | _a332.85(460)(083.41) | ||
| 245 | 0 | 0 | _aCenso de la vivienda en España según la inscripción realizada el 31 de diciembre de 1970. |
| 260 |
_aMadrid : _bInstituto Nacional de Estadística, _c1972-1976. |
||
| 300 |
_a3 t. en 6 v. ; _c29 cm. |
||
| 505 | 8 | _aContiene: I. La vivienda por municipios (VIII, 199 p.) -- II. Características de las viviendas (resultados provinciales): 1. Álava a Ciudad Real (379 p.) - 2. Córdoba a Logroño (379 p.) - 3. Lugo a Santander (379 p.) - 4. Segovia a Melilla (379 p.) -- III. Resúmenes nacionales: características de las viviendas (102 p.) | |
| 650 | 4 |
_aVivienda- _zEspaña- _vEstadísticas. _9174624 |
|
| 710 | 2 |
_aInstituto Nacional de Estadística (España) _95162 |
|
| 852 | 4 |
_aES-MaACL _jP-1467 |
|
| 999 |
_c83000 _d83000 |
||